书目信息 |
| 题名: |
数学分析
|
|
| 作者: | 彭立中 , 谭小江 编著 | |
| 分册: | 第1册 | |
| 出版信息: | 北京 高等教育出版社 2005.07 |
|
| 页数: | 249页 | |
| 开本: | 21cm | |
| 丛书名: | ||
| 单 册: | ||
| 中图分类: | O17 | |
| 科图分类: | ||
| 主题词: | 数学分析--shu xue fen xi--高等学校--教材 | |
| 电子资源: | ||
| ISBN: | 7-04-016757-3 | |
| 000 | 00891nam0 2200265 450 | |
| 001 | 012006173337 | |
| 005 | 20060809085805.04 | |
| 010 | @a7-04-016757-3@dCNY11.60 | |
| 100 | @a20060809d2005 km y0chiy0120 ea | |
| 101 | 0 | @achi |
| 102 | @aCN@b110000 | |
| 105 | @ay z 000yy | |
| 106 | @ar | |
| 200 | 1 | @a数学分析@Ashu xue fen xi@h第1册@f彭立中, 谭小江编著@Fpeng li zhong,tan xiao jiang bian zhu |
| 210 | @a北京@c高等教育出版社@d2005.07 | |
| 215 | @a249页@d21cm | |
| 312 | @a英文并列题名取自封面 | |
| 330 | @a本书共分八章,内容包括函数、极限、连续函数、导数和微分、不定积分、微分学的应用、定积分、积分学的应用。 | |
| 510 | 1 | @aMathematical Analysis@zeng |
| 606 | 0 | @a数学分析@Ashu xue fen xi@x高等学校@j教材 |
| 690 | @aO17@v4 | |
| 701 | 0 | @a彭立中@Apeng li zhong@4编著 |
| 701 | 0 | @a谭小江@Atan xiao jiang@4编著 |
| 801 | 0 | @aCN@bQSSK@c20060809 |
| 905 | @b597779-81@dO17@eP519 | |
| 数学分析.第1册/彭立中, 谭小江编著.-北京:高等教育出版社,2005.07 |
| 249页;21cm |
| ISBN 7-04-016757-3:CNY11.60 |
| 本书共分八章,内容包括函数、极限、连续函数、导数和微分、不定积分、微分学的应用、定积分、积分学的应用。 |
| ● |
| 相关链接 |
|
|
|
正题名:数学分析
索取号:O17/P519
 
预约/预借
| 序号 | 登录号 | 条形码 | 馆藏地/架位号 | 状态 | 备注 |
| 1 | 597779 | 205977790 | 自科库401/401自科库 43排3列5层/ [索取号:O17/P519] | 在馆 | |
| 2 | 597780 | 205977807 | 自科库401/401自科库 43排3列5层/ [索取号:O17/P519] | 在馆 | |
| 3 | 597781 | 205977816 | 自科库401/401自科库 43排3列5层/ [索取号:O17/P519] | 在馆 |